Normal view
MARC view
Entry Término temático
001 - NÚMERO DE CONTROL
- campo de control: 85356
003 - IDENTIFICADOR DEL NÚMERO DE CONTROL
- campo de control: DO-SdBNP
005 - FECHA Y HORA DE LA ÚLTIMA TRANSACCIÓN
- campo de control: 20240501143250.0
008 - DATOS DE LONGITUD FIJA
- campo de control de longitud fija: 240501|| aca||aabn | a|a d
040 ## - FUENTE DE LA CATALOGACIÓN
- Centro catalogador/agencia de origen: DO-SdBNP
- Centro/agencia transcriptor: DO-SdBNP
150 ## - ENCABEZAMIENTO--TÉRMINO DE MATERIA
- Término de materia o nombre geográfico como elemento de entrada: República Dominicana
- Subdivisión de forma: Historia
- Subdivisión cronológica: 1845-1930
670 ## - FUENTE DE DATOS ENCONTRADOS
- Cita de la fuente: Work cat.: (DO-SdBNP)56568: Padilla d'Onis, Luis, autor 57781, El general Antonio Duverge ante el concepto de la historia :
